000 00341 a2200157 4500
001 152581
040 _cEscola São Tomás de Aquino
100 _aSHAKESPEARE, William
240 1 0 _aA tempestade
_lpor
245 1 0 _aA tempestade
300 _a63
362 0 _a1999
440 1 _aScipione
697 _a*LITERATURA JUVENIL
942 _cBK
999 _c152581
_d152581